000 00249nam a2200121Ia 4500
100 _aNagaratnam S
942 _cBK
654 _aFluid
245 _aFluid mechanics
260 _bKhanna publications
_c1976
082 _a532
_bNAG
546 _aENGLISH
999 _c28894
_d28894